| 000 | 00614nam a2200193 a 4500 | ||
|---|---|---|---|
| 001 | 6165 | ||
| 003 | CO-ViMGA | ||
| 008 | 141112s2004 ck r 000 u spa d | ||
| 020 | _a9501408779 | ||
| 040 |
_aCO-ViMGA _bspa _cCO-ViMGA |
||
| 082 | 0 | 4 | _a343.04 G172 |
| 100 | 1 |
_aGarcía Belsunce, Horacio A _94824 |
|
| 245 | 1 | 0 |
_aLa autonomía del derecho tributario : _ba cuarenta años de mi primera clase universitaria / _cHoracio A. Garcia Belsunce |
| 260 |
_aBuenos Aires : _bDepalma, _c1996 |
||
| 300 | _a103 p. 20 cm | ||
| 590 | _aDatos de inventario : M | ||
| 650 | 1 | 4 |
_aDERECHO TRIBUTARIO _952985 |
| 942 |
_2ddc _cBK |
||
| 999 |
_c18138 _d18138 |
||